All of Baby Keem - Statistics

General Stats
  • This quiz has been taken 21 times
  • The average score is 24 of 88
Answer Stats
Answer % Correct
Family Ties
92%
16
75%
Trademark USA
75%
Baby Keem
67%
Baby Keem
67%
Issues
67%
Orange Soda
67%
Cocoa
58%
Lost Souls
58%
Lost Souls
58%
Range Brothers
58%
Scars
58%
South Africa
58%
Booman
50%
First Order of Business
50%
Fortnite
50%
Honest
50%
Scapegoats
50%
STATS
50%
A Life of Pain
42%
Durag Activity
42%
Gorgeous
42%
Highway 95
42%
Hooligan
42%
No sense
42%
Pink Panties
42%
Vent
42%
Apologize
33%
Bank Account
33%
Half
33%
Invented It
33%
Killstreaks
33%
Locked In
33%
Miss Charlotte
33%
Moshpit
33%
Top Ramen
33%
Bullies
25%
Buss Her Up
25%
My Ex
25%
The Hillbillies
25%
Vicious
25%
Wolves
25%
Fine China
17%
France Freestyle
17%
Leverage
17%
Leverage
17%
Naked Freestyle
17%
No Smoke
17%
Not My Bro
17%
Opinions
17%
Outerspace
17%
Patience Interlude
17%
Praise God
17%
Rockstar P
17%
Savior
17%
Sons & Critics Freestyle
17%
Xmen
17%
50 Habits
8%
Anti Love
8%
Ben 10
8%
Birds
8%
Black
8%
Drunk
8%
Extra
8%
Gang Activities
8%
Leavemealone
8%
Midnight Swerve
8%
Monster Dot Com
8%
Options
8%
Register
8%
Rookie of the Year
8%
Savior Interlude
8%
Slice Interlude
8%
So What
8%
Switchin Lanes
8%
Truce
8%
Won't Fall In Love
8%
Afraid
0%
A New Day
0%
Ball Again
0%
Check Please
0%
Fast
0%
Girlfriend
0%
Gone
0%
Next
0%
Radio
0%
Ride For Me
0%
Stack It Up
0%
No matching quizzes found
Score Distribution
Percent of People with Each Score
Percentile by Number Answered
Your Score History
You have not taken this quiz